000 01440nam0a22002771 4500
001 rc\2861584
005 20210310153857.0
035 _a(NLR Aleph) 007203794
090 _a7646468
_c7646468
100 _a20110710d1932 |||y0rusy50 ca
101 0 _arus
102 _aRU
105 _ay z |||||
200 1 _aОбъем в кубических метрах бревен при длине в метрах и толщине в сантиметрах
_fСост. по поручению Нар. ком. зем. РСФСР проф. Г.М. Турским на основе таблиц А. Крюденера с добавлением таблицы объема жердей
210 _a[Новосибирск]
_cБ. и.
_d[1932]
_gтип. ПП ОГПУ по Запсибкраю
215 _a15 с.
_d20×15 см
300 _aОтт. из "Таблиц для исчисления объема лесоматериалов по метрическому стандарту"
412 0 _12001#$aТаблицы для исчисления объема лесоматериалов по метрическому стандарту
700 1 _aТурский
_bГ. М.
_f-1926
_gГеоргий Митрофанович
702 1 _aКрюденер
_bА. А.
_gАртур Артурович
_4570
801 0 _aRU
_bNLR
_gpsbo
801 1 _aRU
_bELAR
_2rusmarc
852 _aNLR
_j32-10/5113
942 _cBOOK
980 _aNB